Städte und Gemeinden im Landkreis Alzey-Worms - Statistiken

Allgemein
  • Dieses Quiz wurde 18 mal gespielt
    16 seit der letzten Aktualisierung
  • Das Durchschnittsergebnis liegt bei 22 aus 67
Antwortstatistiken
Verbandsgemeinde Stadt / Gemeinde % Korrekt
verbandsfreie Stadt Alzey
85%
Wörrstadt Wörrstadt
85%
Monsheim Monsheim
77%
Alzey-Land Ober-Flörsheim
69%
Wöllstein Wöllstein
69%
Alzey-Land Albig
62%
Alzey-Land Framersheim
62%
Monsheim Flörsheim-Dalsheim
54%
Alzey-Land Gau-Odernheim
54%
Wonnegau Osthofen
54%
Wörrstadt Saulheim
54%
Wonnegau Westhofen
54%
Alzey-Land Bermersheim vor der Höhe
46%
Eich Eich
46%
Alzey-Land Eppelsheim
46%
Alzey-Land Erbes-Büdesheim
46%
Alzey-Land Flomborn
46%
Alzey-Land Flonheim
46%
Alzey-Land Freimersheim
46%
Alzey-Land Kettenheim
46%
Wörrstadt Armsheim
38%
Alzey-Land Nack
38%
Monsheim Offstein
38%
Eich Alsheim
31%
Alzey-Land Bechenheim
31%
Alzey-Land Bechtolsheim
31%
Alzey-Land Dintesheim
31%
Wonnegau Dittelsheim-Heßloch
31%
Alzey-Land Esselborn
31%
Wöllstein Gau-Bickelheim
31%
Wonnegau Gundersheim
31%
Monsheim Hohen-Sülzen
31%
Alzey-Land Lonsheim
31%
Eich Mettenheim
31%
Wöllstein Stein-Bockenheim
31%
Alzey-Land Wahlheim
31%
Wonnegau Bermersheim
23%
Alzey-Land Bornheim
23%
Wöllstein Eckelsheim
23%
Wörrstadt Ensheim
23%
Wörrstadt Gabsheim
23%
Alzey-Land Gau-Heppenheim
23%
Eich Gimbsheim
23%
Wöllstein Gumbsheim
23%
Monsheim Mörrstadt
23%
Alzey-Land Offenheim
23%
Wörrstadt Schornsheim
23%
Wöllstein Siefersheim
23%
Wörrstadt Spiesheim
23%
Wöllstein Wendelsheim
23%
Wöllstein Wonsheim
23%
Alzey-Land Biebelnheim
15%
Wonnegau Gundheim
15%
Eich Hamm am Rhein
15%
Wonnegau Hochborn
15%
Alzey-Land Mauchenheim
15%
Monsheim Mölsheim
15%
Alzey-Land Nieder-Wiesen
15%
Wörrstadt Wallertheim
15%
Wonnegau Bechtheim
8%
Wonnegau Frettenheim
8%
Wonnegau Hangen-Weisheim
8%
Wörrstadt Partenheim
8%
Wörrstadt Sulzheim
8%
Wörrstadt Vendersheim
8%
Monsheim Wachenheim
8%
Wonnegau Monzernheim
0%
Keine übereinstimmenden Quizze gefunden
Verteilung der Resultate
Anzahl Personen mit jedem Resultat
Perzentil nach korrekt beantworteten Fragen
Ihre Resultats-Entwicklung
Sie haben dieses Quiz seit der letzten Aktualisierung nicht gespielt